<?xml version="1.0" encoding="UTF-8"?>
<record
    xmlns:xsi="http://www.w3.org/2001/XMLSchema-instance"
    xsi:schemaLocation="http://www.loc.gov/MARC21/slim http://www.loc.gov/standards/marcxml/schema/MARC21slim.xsd"
    xmlns="http://www.loc.gov/MARC21/slim">

  <leader>01229nam a2200265Ia 4500</leader>
  <controlfield tag="001">IA_From the analysis of results achieved to know that: grain yield is negatively correlated with speed of emergence (r = -0.55, P, ? 0.01) and cooking time (r = -0.44, P, ? 0.005) and correlation with field performance of pot yield was 0.32 without reaching statistical significance.</controlfield>
  <controlfield tag="002">CORRELACION ENTRE RENDIMIENTO, GERMINACION Y TIEMP</controlfield>
  <controlfield tag="008">220117s    xx            000 0 und d</controlfield>
  <datafield tag="010" ind1=" " ind2=" ">
    <subfield code="a">184815</subfield>
  </datafield>
  <datafield tag="530" ind1=" " ind2=" ">
    <subfield code="a">Disponible en PDF</subfield>
  </datafield>
  <datafield tag="583" ind1=" " ind2=" ">
    <subfield code="a">1 ej. imp.</subfield>
  </datafield>
  <datafield tag="650" ind1=" " ind2=" ">
    <subfield code="a">Beans</subfield>
    <subfield code="x">Analysis  </subfield>
    <subfield code="9">157869</subfield>
  </datafield>
  <datafield tag="650" ind1=" " ind2=" ">
    <subfield code="a">Beans</subfield>
    <subfield code="x">Chemical composition</subfield>
    <subfield code="x">Heat treatment  </subfield>
    <subfield code="9">148342</subfield>
  </datafield>
  <datafield tag="650" ind1=" " ind2=" ">
    <subfield code="a">Beans</subfield>
    <subfield code="x">Varieties  </subfield>
    <subfield code="9">148343</subfield>
  </datafield>
  <datafield tag="650" ind1=" " ind2=" ">
    <subfield code="a">Frijoles</subfield>
    <subfield code="x">An&#xE1;lisis  </subfield>
    <subfield code="9">148344</subfield>
  </datafield>
  <datafield tag="650" ind1=" " ind2=" ">
    <subfield code="a">Frijoles</subfield>
    <subfield code="x">Composici&#xF3;n qu&#xED;mica</subfield>
    <subfield code="x">Tratamiento t&#xE9;rmico  </subfield>
    <subfield code="9">148345</subfield>
  </datafield>
  <datafield tag="650" ind1=" " ind2=" ">
    <subfield code="a">Frijoles</subfield>
    <subfield code="x">Variedades  </subfield>
    <subfield code="9">148346</subfield>
  </datafield>
  <datafield tag="650" ind1=" " ind2=" ">
    <subfield code="a">Germinaci&#xF3;n de las semillas   </subfield>
    <subfield code="9">157870</subfield>
  </datafield>
  <datafield tag="650" ind1=" " ind2=" ">
    <subfield code="a">Seed germination</subfield>
    <subfield code="9">157871</subfield>
  </datafield>
  <datafield tag="700" ind1=" " ind2=" ">
    <subfield code="a">G&#xF3;mez Cruz, Adalberto, asesor</subfield>
    <subfield code="9">163670</subfield>
  </datafield>
  <datafield tag="700" ind1=" " ind2=" ">
    <subfield code="a">Mondrag&#xF3;n Pedrero, Guillermo, asesor </subfield>
    <subfield code="9">163727</subfield>
  </datafield>
  <datafield tag="700" ind1=" " ind2=" ">
    <subfield code="a">Serrano Covarrubias, Luis Manuel, dir. </subfield>
    <subfield code="9">157872</subfield>
  </datafield>
  <datafield tag="942" ind1=" " ind2=" ">
    <subfield code="c">TESIS E87 2010</subfield>
  </datafield>
  <datafield tag="999" ind1=" " ind2=" ">
    <subfield code="c">184815</subfield>
    <subfield code="d">184815</subfield>
  </datafield>
</record>
